000 00984nam a2200253Ia 4500
003 OSt
005 20220923211636.0
006 a|||||r|||| 00| 0
007 ta
008 220922b |||||||| |||| 00| 0 hin d
024 _a38,530
037 _cTextual
040 _aARTS
_cARTS
_bhin
041 _2hin
_ahin
082 _aO15:gx7,1, 152K3.1.2-;3 (TTPS)
100 _aत्रिपाठी, रामसागर
245 0 _aध्वन्यालोक
_b श्री मदानन्दवर्धनाचार्य विरचित
246 _aDhvanyāloka: shrī madānandavardhanāchārya virachita
260 _aदिल्ली
_b मोतीलाल बनारसीदास
_c1963
300 _a656पृ.
_ccm.
650 _aहिन्दी साहित्य
_9156264
942 _hO15:gx7,1, 152K3.1.2-;3 (TTPS)
_cTEXL
_2CC
999 _c301970
_d301970